000 00515cam a22002171 4500
001 sa 68008547
003 DLC
005 20260227112532.0
008 890724s1968 ii 000 1 beno
010 _asa 68008547
035 _a(OCoLC)20059846
040 _aDLC
_cWaU
_dDLC
042 _apremarc
050 0 0 _aPK1718.B39
_bP26
100 1 _aBasu, Samareśa,
_d1924-1988.
245 1 0 _aPaṅcabahṇi.
260 _c[1968]
300 _a103 p.
_c22 cm.
500 _aIn Bengali.
500 _aShort stories.
999 _c82429
_d82429